000 00401nam a2200157Ia 4500
008 230524s9999 xx 000 0 und d
082 _a621.38
_bPRA
100 _aK.D.Prasad
245 0 _aElectromagnetic Fields and Waves
250 _a1ST
260 _aNEW DELHI
_bSatya Prakashan (Tech India)
_c2004
300 _aXII;1034
500 _aQuantity Number: 2
650 _aElectrical
942 _cBK
999 _c37049
_d37049